01823pam a2200337 a 45000010008000000030008000080050017000160070003000330080040000360100017000760200018000930400023001110410008001340420009001420500015001510820017001661000033001832450068002162460022002842600048003063000024003545040037003785200816004156500043012316500027012746500024013016500041013256500048013666500047014147000024014614926146BJBSDDR20260511114513.0ta260511s2016 nyu b 001 0 spa  a 95035222  a9780399501487 aDLCcDLCdDLCbspa aeng alcac14bG619l 201600a823/.9142201 aGolding, William,d1911-199310aLord of the flies : ba novel /cWilliam Golding ; Lois Lowry.30aLord of the flies aPenguin Books :bAlianza Editorial, c2016. a219 pages ;c24 cm. atraducción de Carmen Vergara.  aThe classic tale of a group of English school boys who are left stranded on an unpopulated island, and who must confront not only the defects of their society but the defects of their own nature. Lord of the Flies remains as provocative today as when it was first published in 1954, igniting passionate debate with its startling, brutal portrait of human nature. Though critically acclaimed, it was largely ignored upon its initial publication. Yet soon it became a cult favorite among both students and literary critics who compared it to J.D. Salinger's The Catcher in the Rye in its influence on modern thought and literature. Labeled a parable, an allegory, a myth, a morality tale, a parody, a political treatise, even a vision of the apocalypse, Lord of the Flies has established itself as a true classic. 0aAirplane crash survival in literature. 0aIslands in literature. 0aBoys in literature. 0aNovela inglesaxHistoria y crítica 1aAmerican literaturexHistory and criticism. 4aLiteratura americanaxHistoria y crítica1 aLowry, Lois,d1937-